|
|
|
|
| LEADER |
01124nam a2200277 a 4500 |
| 001 |
26915 |
| 008 |
130424s2007 ii b 101 0 eng d |
| 010 |
|
|
|a 2006454929
|
| 020 |
|
|
|a 9788125030614
|
| 020 |
|
|
|a 8125030611
|
| 040 |
|
|
|a DLC
|c DLC
|d DLC
|d BD-DhAAL
|
| 082 |
0 |
0 |
|a 370.95
|2 22
|
| 245 |
0 |
0 |
|a Education and social change in South Asia /
|c edited by Krishna Kumar and Joachim Oesterheld ; [contributors, Sonia Nishat Amin ... et al.].
|
| 260 |
|
|
|a New Delhi :
|b Orient Longman,
|c 2007.
|
| 300 |
|
|
|a xi, 513 p. ;
|c 23 cm.
|
| 504 |
|
|
|a Includes bibliographical references and index.
|
| 541 |
|
|
|a 26915
|
| 650 |
|
0 |
|a Education
|x Social aspects
|z South Asia
|v Congresses.
|
| 650 |
|
0 |
|a Social change
|z South Asia
|v Congresses.
|
| 700 |
0 |
|
|a Krishna Kumar,
|d 1951-
|
| 700 |
1 |
|
|a Oesterheld, Joachim.
|
| 700 |
1 |
|
|a Amin, Nishat.
|
| 710 |
2 |
|
|a Zentrum Moderner Orient (Berlin, Germany)
|
| 852 |
1 |
|
|a Ayesha Abed Library
|j General Shelf.
|
| 999 |
|
|
|c 13408
|d 13408
|
| 952 |
|
|
|0 0
|1 0
|2 ddc
|4 0
|6 370_950000000000000_EDU
|7 0
|9 22345
|a IGS
|b IGS
|c GEN
|d 2012-04-22
|e Prothoma
|g 1660.00
|l 1
|o 370.95 EDU
|p 3010026915
|r 2014-05-18
|s 2013-07-31
|t 1
|w 2012-04-22
|y BK
|